Journal of the history of sexuality /

Uloženo v:
Podrobná bibliografie
Hlavní autor: Bonds, William N.
Další autoři: Loomis, Barbara
Médium: Seriál
Jazyk:angličtina
Vydáno: Austin (TX) University of Texas Press 1990-
Edice:Journal of the history of sexuality
Tagy: Přidat tag
Žádné tagy, Buďte první, kdo vytvoří štítek k tomuto záznamu!

MARC

LEADER 00000nas a2200000 4500
001 CDOM0000002228
003 mi
005 20250910110431.0
008 250910b |||||||| |||| 00| 0 eng d
011 |a 1043-4070 
040 |c mi 
100 |a Bonds, William N. 
245 1 |a Journal of the history of sexuality /  |c Edited by William N. Bonds, Barbara Loomis 
260 |a Austin (TX)  |b University of Texas Press  |c 1990- 
300 |a vol.  |c 23 cm. 
490 |a Journal of the history of sexuality 
700 |a Loomis, Barbara 
942 |2 ddc  |c CR 
952 |0 0  |1 0  |2 ddc  |4 0  |6 B_JHSX  |7 1  |9 8605  |a MI  |b MI  |d 2006-04-15  |i P12/2005-14.1/2-  |l 0  |o B-JHSX  |p CDOMP12/2005-14.1/2-  |r 2025-07-17 21:50:00  |w 2025-07-17  |x ACQUISTO  |y CR 
999 |c 7158  |d 7158